Ładuje się......

Pallu, kadalum kadannu: kuttikalkkulla novel

Opis bibliograficzny
1. autor: Padmalaya, A D; Author
Format: Printed Book
Wydane: Kozhikode, Kerala Sastra Sahitya Parishat Ke 2005
Hasła przedmiotowe:
LEADER 006870000a22002170004500
020 |a 81-88033-85-5 
040 |a MAL 
082 |a 808.068 3 32P51 
100 |a Padmalaya, A D; Author 
245 |a Pallu, kadalum kadannu: kuttikalkkulla novel 
250
260 |a Kozhikode, Kerala Sastra Sahitya Parishat Ke  |e 2006 
260 |c 2005 
460 |a 88p 
465 |a Rs.40.00 
500 |a A D Padmalaya 
650 |a Baalasaahithyam 
650 |a Childrens literature 
650 |a Childrens stories 
999 |c 40529  |d 40529 
952 |0 0  |1 0  |4 0  |6 808_068000000000000_3_32P51  |7 0  |8 MAL  |9 41084  |a MGUL  |b MGUL  |d 2013-07-16  |e Rs.40.00  |l 1  |o 808.068 3 32P51  |p 39347  |r 2019-11-11  |s 2019-10-16  |w 2013-07-16  |y BK